| 000 | 01107cab a2200241 4500 | ||
|---|---|---|---|
| 001 | X90079 | ||
| 008 | 090401t1998 xxu||||| |||| 00| 0 eng d | ||
| 035 | _a(Sirsi) u84531 | ||
| 041 | _aeng | ||
| 245 | _aKirklees MC and Wood | ||
| 260 | _c1998 | ||
| 350 | _a0 | ||
| 490 |
_aPlanning Appeal Decisions _v[1998] 13 PAD 27-31(5) |
||
| 520 | _aRepositioning of previously approved bungalow - for maximum security and control - local plan and draft unitary development plan - green belt - effect on appearance of countryside - near reservoir - intrusive - farm well established - need for dwelling for purposes of agriculture - advantages outweighed harm - s106 obligation to ensure only one condition could be implemented - imposition of condition preferable to a planning obligation - not reasonable to tie new dwelling to the holding - PPGs 1,2,7. HEADNOTE FROM JOURNAL. | ||
| 650 | _aGREEN BELT | ||
| 650 | _aKIRKLEES MC AND WOOD | ||
| 650 | _aLOCAL PLAN | ||
| 650 | _aPLANNING OBLIGATIONS | ||
| 650 | _aRURAL AREA | ||
| 690 | _aPLANNING LAW AND PRACTICE | ||
| 942 | _n0 | ||
| 948 | _c26/02/1998 | ||
| 999 |
_c53123 _d53123 |
||